| 000 | 00496cam a2200205ua 4500 | ||
|---|---|---|---|
| 001 | 7839 | ||
| 005 | 20260515114248.0 | ||
| 008 | 141229n ii |||gr||||Z||||||ben | ||
| 040 | _cMAIN | ||
| 041 | _aben | ||
| 082 | _a891.443 | ||
| 100 |
_aDyatiyen, _eAuthor. |
||
| 245 | 1 |
_aDairyar chera pata _cBy Father Dyatiyen |
|
| 250 | _a1st. | ||
| 260 |
_aKolkatta: _bAnanda, _c1973. |
||
| 300 | _a134p. | ||
| 653 | _aEast Indo-European & Celtic literatures | ||
| 653 | _aBengali novels | ||
| 942 | _cBK | ||
| 999 |
_c6954 _d6954 |
||